00391 2200157 4500001002100000005001500021035002000036245004300056100001800099250001700117300003100134260002800165082000800193084001400201650001800215INLIS00000000000096820250320085140 a0010-03250000641 aAndai Al-Quranku Baru /cSyarifah Levi0 aSyarifah Levi acetakan ke-1 av, 16 hlm :bilus ;c21 cm aMarja' :bMarja',c2002 a813 a813 SYA a 4aCerita Pendek